000
00358nam a2200169Ia 4500
100
_a
Prata/Stephen
650
_a
unix
942
_c
BK
366
_f
10
654
_a
unix
245
_a
Advanced Unix-A programmers Guide
260
_b
BPB Publications
_a
Mumbai
_c
1986
082
_a
005.133/PRA
_b
PRA
300
_a
484
546
_a
ENGLISH
999
_c
35641
_d
35641